مسلسل ناصر / (Record no. 24955)
[ view plain ]
| 000 -الفاتح | |
|---|---|
| حقل البيانات ثابتة الطول | 01229nam a22003495a 4500 |
| 003 - محدد رقم الضبط | |
| رقم الضبط | EG-ScBUE |
| 005 - وقت وتاريخ اخر تعامل مع التسجيلة | |
| رقم الضبط | 20220414091958.0 |
| 008 - عناصر البيانات ثابتة الطول - معلومات عامة | |
| حقل البيانات ثابتة الطول | 170622s2009 ua a g 000 0dara d |
| 017 ## - رقم الإيداع القانونى | |
| رقم الإيداع القانونى | 2008 / 24890 |
| 020 ## - الرقم الدولى المعيارى للكتب | |
| الرقم الدولى المعيارى للكتاب | 9772087901 |
| 040 ## - مصدر الفهرسة | |
| وكالة الفهرسة الأصلية | EG-ScBUE |
| لغة الفهرسة | ara |
| قواعد الوصف | rda |
| وكالة النسخ | EG-ScBUE |
| وكالة التعديل | EG-ScBUE |
| 043 ## - رمز المنطقة الجغرافية | |
| رمز المنطقة الجغرافية | f-ua--- |
| 082 04 - رقم تصنيف ديوى العشرى | |
| رقم التصنيف | 892.726 |
| رقم المادة | ج ن د |
| رقم الطبعة | 22 |
| 100 1# - المدخل الرئيسى - إسم شخصى | |
| الإسم الشخصى | الجندي، يسري، |
| الدور | مؤلف. |
| 245 10 - بيان العنوان | |
| العنوان | مسلسل ناصر / |
| بيان المسئوليه,etc | يسري الجندي. |
| 250 ## - بيان الطبعة | |
| بيان الطبعة | الطبعة الأولى. |
| 264 #1 - النشر، التوزيع | |
| مكان الناشر او الموزع | القاهرة : |
| اسم الناشر او الموزع | مكتبة مدبولي، |
| تاريخ النشر أو التوزيع | 2009. |
| 300 ## - الوصف المادى | |
| التعداد | 2 مجلد ؛ |
| أبعاد الوعاء | 24 سم |
| 336 ## - نوع المحتوى | |
| source | rdacontent |
| Carrier Type Term | نص |
| Content Type Code | txt |
| 337 ## - نوع الوسيط | |
| source | rdamedia |
| Media Type Term | بدون وسيط |
| Media Type Code | n |
| 338 ## - نوع الحامل أو الناقل | |
| source | rdacarrier |
| Carrier Type Term | مجلد |
| Carrier Type Code | nc |
| 505 0# - تبصرة محتويات-الفهرس | |
| تبصرة المحتويات المصاغة | المجلد الأول -- المجلد الثاني. |
| 541 ## - تبصرة المصدر المباشر للتزويد | |
| طريقة التزويد | إهداء ؛ |
| مصدر التزويد | أ. محمد فريد خميس. |
| 590 ## - تبصرة محلية(RLIN) | |
| تبصرة محلية | Wessam |
| 600 07 - المدخل الاضافى بالموضوع-اسم شخصى | |
| الإسم الشخصى | عبد الناصر، جمال، |
| التواريخ المصاحبة للاسم | 1918-1970. |
| مصدر الرأس أو المصطلح | BUEsh |
| 650 #7 - المدخل الاضافى بالموضوع-مصطلح موضوعى | |
| مصطلح موضوعي أو اسم جغرافي كعنصر مدخل | المسلسلات التليفزيونية |
| التقسيم الفرعي الجغرافي | مصر. |
| مصدر الرأس أو المصطلح | BUEsh |
| 650 #7 - المدخل الاضافى بالموضوع-مصطلح موضوعى | |
| مصطلح موضوعي أو اسم جغرافي كعنصر مدخل | التمثيليات التليفزيونية العربية |
| التقسيم الفرعي الجغرافي | مصر. |
| مصدر الرأس أو المصطلح | BUEsh |
| 651 ## - المدخل الاضافى بالموضوع - اسم جغرافى | |
| مصدر الرأس أو المصطلح | BUEsh |
| 653 ## - مصطلح تكشيفى غير مقيد | |
| Resource For college | Communication and mass media |
| Arrived date list | June2017 |
| 655 ## - مصطلح تكشيفى-نوع/شكل | |
| التقسيم الفرعي الشكلي | Reading book |
| -- | 34232 |
| 942 ## - عناصر المدخل الإضافي( كوها) | |
| مصدر التصنيف او مخطط الترفيف | Dewey Decimal Classification |
| حالة التراجع | حالة الفقد | مصدر التصنيف او خطة الترفيف | حالة تلف | ليس للاعارة | المكان الدائم | المكان الحالي | موقع الترفيف | تاريخ الاكتساب | Source of acquisition | رقم الاستدعاء | الباركود | Date last seen | تبصرة غير عامة( المفوع للعناصر المفقوده) | نوع الوعاء | تبصرة عامة |
|---|---|---|---|---|---|---|---|---|---|---|---|---|---|---|---|
| Dewey Decimal Classification | Central Library | Central Library | First floor | 22/06/2017 | Donation | 892.726 ج ن د | 000034836 | 15/07/2025 | إهداء من ا. محمد فريد خميس | Book - Borrowing | مسلسل 1 | ||||
| Dewey Decimal Classification | Central Library | Central Library | First floor | 22/06/2017 | Donation | 892.726 ج ن د | 000034837 | 15/07/2025 | إهداء من ا. محمد فريد خميس | Book - Borrowing | مسلسل 2 |